Colorado Counties by Region-Northwest Quiz Stats

 Plays Quiz not verified by Sporcle

Also try: 4-Letter Capitals
Challenge
Share
Tweet
Embed
Score 0/16 Timer 15:00
0 Plays Today
Major City County % Correct
BoulderBoulder
100%
DenverDenver
100%
Granby, KremmlingGrand
91.7%
Edwards, GypsumEagle
91.7%
Frisco, SilverthorneSummit
91.7%
Fort Collins, LovelandLarimer
91.7%
ArvadaJefferson
91.7%
LeadvilleLake
91.7%
Major City County % Correct
Maybell, CraigMoffat
83.3%
Steamboat SpringsRoutt
83.3%
Idaho SpringsClear Creek
83.3%
BroomfieldBroomfield
83.3%
MeekerRio Blanco
75%
Glenwood Springs, RifleGarfield
75%
WaldenJackson
75%
RollinsvilleGilpin
75%

You're not logged in!

Compare scores with friends on all Sporcle quizzes.
OR
Log In

You Might Also Like...

Show Comments

Extras

Created Mar 24, 2014ReportNominate
Tags:counties

Top Quizzes Today


Score Distribution

Your Account Isn't Verified!

In order to create a playlist on Sporcle, you need to verify the email address you used during registration. Go to your Sporcle Settings to finish the process.

Report this User

Report this user for behavior that violates our Community Guidelines.

Details: